ARRUPE JESUIT UNIVERSITY

CORONAVIRUS -STOP THE SPREAD - CLEAN,DISINFECT,COVER

Emilia Galotti, (Record no. 125935)

MARC details
000 -LEADER
fixed length control field 00639cam a22002171 4500
001 - CONTROL NUMBER
control field 1695023
003 - CONTROL NUMBER IDENTIFIER
control field ARRUPE
005 - DATE AND TIME OF LATEST TRANSACTION
control field 20170111140659.0
008 - FIXED-LENGTH DATA ELEMENTS--GENERAL INFORMATION
fixed length control field 790919s1962 nyu 000 0 eng
010 ## - LIBRARY OF CONGRESS CONTROL NUMBER
LC control number 62021159
040 ## - CATALOGING SOURCE
Original cataloging agency DLC
Transcribing agency DLC
Modifying agency DLC
041 1# - LANGUAGE CODE
Language code of text/sound track or separate title engund
050 00 - LIBRARY OF CONGRESS CALL NUMBER
Classification number PT2398.E2
300 ## - PHYSICAL DESCRIPTION
Dimensions 16cm.
100 1# - MAIN ENTRY--PERSONAL NAME
Personal name Lessing, Gotthold Ephraim,
Dates associated with a name 1729-1781.
9 (RLIN) 27065
240 10 - UNIFORM TITLE
Uniform title <a href="Emilia Galotti.">Emilia Galotti.</a>
Language of a work English
245 10 - TITLE STATEMENT
Title Emilia Galotti,
Remainder of title trauerspiel
Statement of responsibility, etc by Lessing, Gotthold Ephraim,
260 ## - PUBLICATION, DISTRIBUTION, ETC. (IMPRINT)
Place of publication, distribution, etc Stuttgart
Name of publisher, distributor, etc Philipp Reclam Jun.
Date of publication, distribution, etc 1962
300 ## - PHYSICAL DESCRIPTION
Extent 80p.;
906 ## - LOCAL DATA ELEMENT F, LDF (RLIN)
a 7
b cbc
c orignew
d u
e ocip
f 19
g y-gencatlg
942 ## - ADDED ENTRY ELEMENTS (KOHA)
Source of classification or shelving scheme Library of Congress Classification
Koha item type Monograph ( Printed materials)
Holdings
Withdrawn status Lost status Source of classification or shelving scheme Damaged status Not for loan Collection code Home library Current library Shelving location Date acquired Total Checkouts Full call number Barcode Date last seen Price effective from Koha item type
    Library of Congress Classification     Main Collection ARRUPE LIBRARY ARRUPE LIBRARY Main Collection 11/01/2017   PT2398.E2 46500022618 02/07/2019 11/01/2017 Monograph ( Printed materials)

 

Arrupe Library. PO Box MP320 Mt Pleasant, Harare, Zimbabwe
263 242 745411|librarian@aju.ac.zw